1931 1359 1608 1443 1919 1141 1238 1909 1029 1867 1434 1440 1479 1356 1252 1159 1884 1569 1682 1184 1168 1971 1795 1084 1158 1187 1532 1081 1686 1538 1469 1120 1215 1844 1702 1497 1354 1277 1345 1973 1312 1096 1789 1855 1617 1412 1089 1439 1222 1202 1310 1794 1167 1813 1432 1017 1946 1589 1292 1208 1837 1995 1153 1231 1716 1299 1134 1689 1162 1814 1286 1338 1945 1967 1370 1145 1796 1133 1574 1324 1799 1315 1715 1234 1505 1471 1880 1023 1737 1061 1164 1314 1347 1910 1812 1210 1857 1544 1529 BCNSPRNW ULIB Ver.6.0+V

เปลี่ยนเป็นภาษาไทย

Change to English
 แสดงรายละเอียดบรรณานุกรม
  กลับหน้าหลัก

Brief Record : Get Marc (ISO 2709) : E-mail record : QR code < ปิดหน้าต่าง
LEADER : 00000nam 2200000uu 4500
001    13399126134
003     ULIB
008    180612s2006||||th 000 0 tha d
020    ^a9780521013338
050 00 ^aPE1128^bC172^cV.3
245 10 ^aCambridge practice tests for IELTS 3
260    ^aCambridge :^bCambridge University Press,^c2006
300    ^a172 p.:^bill. ;^c25 cm.
650 00 ^aInternational English Language Testing System.
650 00 ^aEnglish language^xExaminations, questions, etc.
650 00 ^aEnglish language^xTextbooks for foreign speakers
945    ^p530^l0^i004230
999    ^aวรรณษา ชูชัยมงคล
รายการนี้ยังไม่มีแท็ก
คุณยังไม่ได้ล็อกอิน คุณสามารถมีกิจกรรมร่วมกับเว็บไซต์ได้ แต่ต้องล็อกอินก่อน ::
  ล็อกอิน

รายการสื่อสารสนเทศ

ลำดับที่ ประเภท เลขเรียก/บาร์โค้ด สถานที่ สถานะ
1. วิทยาศาสตร์การแพทย์ และสุขภาพ
หนังสือสำรอง
สถานะ=หนังสือสำรอง
PE1128 C172 V.3 ฉ.1 
  Barcode: 004230
ห้องสมุดวิทยาเขตสวรรค์ประชารักษ์
►หนังสือทั่วไป
บนชั้น

รายการใกล้เคียง
    ชื่อเรื่อง [Cambridge practice tests for IELTS 3]

    หัวเรื่อง [International English Language Testing System.]

BibComment


ยังไม่เคยถูกคอมเมนท์

คอมเมนท์ทรัพยากรรายการนี้
  คอมเมนท์: Cambridge practi..


 Copyright 2026. Bcnsprnw @Library